[Event "Challenge"]
[Site "http://www.queenalice.com/game.php?id=26605"]
[Date "2005.8.31"]
[Round "-"]
[White "dlabedz"]
[Black "gordonthegorilla"]
[Result "0-1"]
[WhiteElo "1323"]
[BlackElo "1300"]

1. b4 e5 2. Bb2 Bxb4 3. a3 Be7 4. c4 Nc6 5. Nf3 d6 6. d4 exd4 7. Nxd4 Nxd4 8.
Qxd4 Nf6 9. g4 c5 10. Bg2 cxd4 11. Bxd4 Bxg4 12. f3 Be6 13. O-O Bxc4 14. Nd2
Bxe2 15. Rfe1 Bb5 16. Bh3 O-O 17. a4 Bc6 18. Ra3 Nd5 19. Re2 Nf4 20. Re1 Nxh3+
21. Kg2 Ng5 22. Ne4 Nxe4 23. Rd3 Ng5 24. Kg1 Nxf3+ 25. Rxf3 Bxf3 0-1

[Event "Challenge"]
[Site "http://www.queenalice.com/game.php?id=27340"]
[Date "2005.9.5"]
[Round "-"]
[White "rbaraldi"]
[Black "gordonthegorilla"]
[Result "0-1"]
[WhiteElo "1192"]
[BlackElo "1563"]

1. d4 Nf6 2. Nf3 e6 3. Ne5 d6 4. Nf3 Nc6 5. e3 Bd7 6. Nc3 g6 7. e4 Bg7 8. Bd3 e5
9. d5 Ne7 10. O-O c6 11. b4 cxd5 12. exd5 Nfxd5 13. a3 Nxc3 14. Qd2 e4 15. Ng5
exd3 16. Qxd3 Ncd5 17. Qf3 O-O 18. Qxd5 Nxd5 19. Rb1 Nc3 20. Rb2 Ne2+ 21. Kh1
Nxc1 22. Nf3 Bxb2 23. Nd2 Re8 24. Nc4 Qf6 25. g3 Qf3+ 26. Kg1 Ne2# 0-1

[Event "Challenge"]
[Site "http://www.queenalice.com/game.php?id=27431"]
[Date "2005.9.6"]
[Round "-"]
[White "Jomaley"]
[Black "gordonthegorilla"]
[Result "0-1"]
[WhiteElo "1183"]
[BlackElo "1650"]

1. d4 Nf6 2. g3 e6 3. Bh3 d5 4. Nf3 Nc6 5. Nc3 Bb4 6. O-O O-O 7. Nb5 a6 8. Nxc7
Qxc7 9. a3 Be7 10. Qd3 e5 11. Ng5 e4 12. Qc3 Bxh3 13. Nxh3 Qd7 14. Ng5 h6 15.
Nxe4 Nxe4 16. Qe3 Bg5 17. f4 Bd8 18. a4 Bb6 19. c3 Rfe8 20. Qd3 Qf5 21. c4 dxc4
22. Qxc4 Bxd4+ 23. Kg2 Nf6 24. e3 Qe4+ 25. Rf3 Rac8 26. Qb3 Bc5 27. Bd2 Rcd8 28.
Qxb7 Nd5 29. Qxc6 Nxf4+ 30. gxf4 Qxc6 31. a5 Rxd2+ 32. Kg3 Qg6+ 33. Kh3 Qg2+ 34.
Kh4 Be7+ 35. Kh5 Qg6# 0-1

[Event "Hawkmoon 69"]
[Site "http://www.queenalice.com/game.php?id=27792"]
[Date "2005.9.8"]
[Round "-"]
[White "chessyca"]
[Black "gordonthegorilla"]
[Result "0-1"]
[WhiteElo "1701"]
[BlackElo "1594"]

1. d4 Nf6 2. e3 e6 3. f4 d5 4. Nf3 c5 5. c3 a6 6. Bd3 c4 7. Be2 Ne4 8. Nbd2 Nd6
9. Ne5 Nd7 10. Ndf3 h6 11. O-O Be7 12. Qd2 Ne4 13. Qc2 Nef6 14. Qa4 b5 15. Qd1
Ne4 16. Bd2 Qc7 17. Be1 f6 18. Ng4 g5 19. b4 Nb6 20. Rb1 Bd7 21. Qc2 f5 22. Nge5
Bc8 23. Rd1 Bd6 24. Nd2 O-O 25. Bh5 a5 26. Ng6 Rf6 27. bxa5 Rxa5 28. Nf3 g4 29.
Nfe5 Kg7 30. Bh4 Rxg6 31. Bxg6 Bxe5 32. fxe5 Kxg6 33. Rc1 Na4 34. Be1 Qe7 35.
Kh1 Qa3 36. Rd1 Naxc3 37. Bxc3 Qxc3 38. Qe2 b4 39. Rde1 Qd2 40. a3 Qxe2 41. Rxe2
Rxa3 0-1

[Event "The unforgettable fire"]
[Site "http://www.queenalice.com/game.php?id=27793"]
[Date "2005.9.8"]
[Round "-"]
[White "gordonthegorilla"]
[Black "chessyca"]
[Result "1-0"]
[WhiteElo "1521"]
[BlackElo "1701"]

1. e4 c6 2. Nc3 d5 3. exd5 Nf6 4. Nf3 Nxd5 5. g3 Nxc3 6. bxc3 Nd7 7. d4 e5 8.
dxe5 Bc5 9. e6 fxe6 10. Nd4 O-O 11. Bh3 e5 12. Ne6 Qf6 13. O-O Nb6 14. Be3 Bxe6
15. Bxe6+ Qxe6 16. Bxc5 Rfe8 17. Re1 Red8 18. Bd4 e4 19. Qb1 Qh3 20. Rxe4 Qf5
21. Qe1 Nd5 22. Qe2 c5 23. Re5 Qd7 24. Bxc5 Rac8 25. Bd4 Nxc3 26. Bxc3 Rxc3 27.
Re7 Qd6 28. Rxb7 a5 29. Rab1 Rc7 30. Rxc7 Qxc7 31. Rd1 Rf8 32. Qd3 Kh8 33. c4
1-0

[Event "The Gorillas revenge..."]
[Site "http://www.queenalice.com/game.php?id=27978"]
[Date "2005.9.10"]
[Round "-"]
[White "gordonthegorilla"]
[Black "miseriapopular"]
[Result "0-1"]
[WhiteElo "1568"]
[BlackElo "1643"]

1. e4 e5 2. Nf3 Nc6 3. Bb5 d6 4. Nc3 Bd7 5. d4 Nf6 6. h3 Nxd4 7. Nxd4 exd4 8.
Qxd4 a6 9. Bc4 Be7 10. Nd5 O-O 11. Bg5 Nxd5 12. Bxe7 Nxe7 13. g4 c5 14. Qd2 Bb5
15. Bb3 Qd7 16. O-O-O Rad8 17. f4 Ng6 18. f5 Ne5 19. Bd5 Bc6 20. Bxc6 Qxc6 21.
Qe2 Qb5 0-1

[Event "It's going to rock here"]
[Site "http://www.queenalice.com/game.php?id=32411"]
[Date "2005.10.10"]
[Round "-"]
[White "chessyca"]
[Black "gordonthegorilla"]
[Result "1-0"]
[WhiteElo "1748"]
[BlackElo "1650"]

1. d4 Nf6 2. e3 e6 3. f4 c5 4. Nf3 g6 5. Bd3 b6 6. O-O Bb7 7. c3 Ne4 8. Nbd2
Nxd2 9. Bxd2 Bg7 10. Be1 d6 11. Bh4 Bxf3 12. Qxf3 Qxh4 13. Bb5+ Nd7 14. Qxa8+
Qd8 15. Qxa7 1-0

[Event "King Kong Challenge"]
[Site "http://www.queenalice.com/game.php?id=32412"]
[Date "2005.10.10"]
[Round "-"]
[White "gordonthegorilla"]
[Black "chessyca"]
[Result "1-0"]
[WhiteElo "1660"]
[BlackElo "1724"]

1. e4 Nf6 2. e5 Nd5 3. d4 d6 4. Nf3 g6 5. Bc4 Nb6 6. Bb3 Bg7 7. Be3 dxe5 8. Nc3
Nc6 9. dxe5 O-O 10. O-O Qxd1 11. Raxd1 Bg4 12. Rd3 Nxe5 13. Nxe5 Bxe5 14. Bc5
Bf5 15. Rf3 Rfe8 16. g4 Bxg4 17. Rxf7 e6 18. Re7 Rxe7 19. Bxe7 Kf7 20. Bc5 Nd5
21. Nxd5 exd5 22. Re1 Bxb2 23. Bxd5+ Kf6 24. Bxb7 Rb8 25. Be7+ Kf7 26. Bd5+ Kg7
27. Rb1 Kh6 28. Bf6 Rb5 29. Bg2 Bxf6 30. Rxb5 Bd7 31. Rb7 Bc8 32. Rxc7 1-0

[Event "Challenge"]
[Site "http://www.queenalice.com/game.php?id=33145"]
[Date "2005.10.14"]
[Round "-"]
[White "gordonthegorilla"]
[Black "toptester"]
[Result "1-0"]
[WhiteElo "1625"]
[BlackElo "1298"]

1. d4 d5 2. c4 dxc4 3. Nc3 a6 4. Bf4 g6 5. Qa4+ Bd7 6. Qxc4 c6 7. Ne4 Bg7 8. Bd6
f5 9. Ng5 Nh6 10. Bb4 e5 11. dxe5 Bxe5 12. N1f3 Bxb2 13. Rd1 b5 14. Qf4 a5 15.
Ne6 Qb6 16. Bc5 Qb7 17. Nc7+ Kd8 18. Nxa8 Qxa8 19. Bb6+ Ke8 20. Qe3+ Kf8 21.
Bc5+ Kg7 22. Qe7+ Nf7 23. Ng5 Bc3+ 24. Rd2 Bxd2+ 25. Kxd2 Be8 26. Bd4+ Kh6 27.
Nxf7+ Bxf7 28. Qh4# 1-0

[Event "Challenge"]
[Site "http://www.queenalice.com/game.php?id=33308"]
[Date "2005.10.15"]
[Round "-"]
[White "araujoime"]
[Black "gordonthegorilla"]
[Result "0-1"]
[WhiteElo "1137"]
[BlackElo "1650"]

1. e4 Nc6 2. Qf3 Nd4 3. Qf4 Nxc2+ 4. Kd1 Nxa1 5. Bc4 e6 6. Nf3 h6 7. Nd4 Qf6 8.
g3 Qxd4 9. b3 Bd6 10. Nc3 Bxf4 11. gxf4 Qxf2 12. Nb5 Qf3+ 13. Ke1 Nc2# 0-1

[Event "Challenge"]
[Site "http://www.queenalice.com/game.php?id=34448"]
[Date "2005.10.22"]
[Round "-"]
[White "mrcoelho"]
[Black "gordonthegorilla"]
[Result "0-1"]
[WhiteElo "1791"]
[BlackElo "1691"]

1. e4 c5 2. Nf3 g6 3. d4 cxd4 4. Qxd4 Nf6 5. e5 Nc6 6. Qf4 Nd5 7. Qe4 e6 8. c4
Ndb4 9. a3 Na6 10. b4 d5 11. Qc2 Nc7 12. Bb2 Bd7 13. Be2 Bg7 14. O-O Ne7 15.
Nbd2 Nf5 16. Rad1 O-O 17. Nb3 Qe7 18. Rd3 dxc4 19. Rxd7 Qxd7 20. Nc5 Qc6 21. g4
Ne7 22. Qxc4 b5 23. Qb3 Ned5 24. Rc1 Nf4 25. Bf1 Qd5 26. Qe3 Qa2 27. Rc2 Qb1 28.
Ne1 Ncd5 29. Qc1 Qxc1 30. Rxc1 a6 31. Ned3 g5 32. Nxf4 Nxf4 33. f3 Rfd8 34. Rc2
Rd5 35. Ne4 Bxe5 36. Bxe5 Rxe5 37. Rc6 a5 38. bxa5 Rxa5 39. Nf6+ Kg7 40. Ne8+
Kg6 41. Nc7 Rxa3 42. Nxb5 Ra1 43. Kf2 Rxf1+ 44. Kxf1 Rxb5 0-1

[Event "Challenge"]
[Site "http://www.queenalice.com/game.php?id=34758"]
[Date "2005.10.24"]
[Round "-"]
[White "Rafale2000"]
[Black "gordonthegorilla"]
[Result "0-1"]
[WhiteElo "1568"]
[BlackElo "1687"]

1. f4 d5 2. Nf3 Nc6 3. e3 Bf5 4. Be2 Nf6 5. b3 d4 6. exd4 Nxd4 7. Nxd4 Qxd4 8.
Nc3 Ne4 9. Rf1 Nxc3 10. dxc3 Qxc3+ 11. Bd2 Qxc2 12. Qxc2 Bxc2 13. Rc1 Be4 14.
Rxc7 Bxg2 15. Bb5+ Kd8 16. Rd7+ Kc8 17. Rf2 Bc6 18. Bxc6 bxc6 19. Rd3 e6 20. Ba5
Be7 21. Rfd2 Bh4+ 22. Ke2 Kb7 23. Rd7+ Ka6 24. b4 f5 25. R7d6 Kb5 26. Rc2 Be7
27. a4+ Kxa4 28. Rdxc6 Rhb8 29. Ra6 Rb7 30. Rxe6 Bxb4 31. Bc7 Rc8 32. Rec6 a5
33. Kf3 Kb3 34. Rc1 g6 35. h4 a4 36. Be5 Rxc6 37. Rxc6 a3 38. Ra6 a2 39. Ke3 Ba3
40. Kd2 Bb2 41. Rd6 a1=Q 0-1

[Event "Musical chess"]
[Site "http://www.queenalice.com/game.php?id=34781"]
[Date "2005.10.25"]
[Round "-"]
[White "chessyca"]
[Black "gordonthegorilla"]
[Result "0-1"]
[WhiteElo "1746"]
[BlackElo "1742"]

1. d4 Nf6 2. e3 e6 3. f4 Nc6 4. Nf3 d5 5. Bd3 Bd6 6. O-O Nb4 7. Be2 c5 8. Ne5
Ne4 9. Nd2 O-O 10. c3 Nxd2 11. Bxd2 Na6 12. Be1 Nc7 13. Bd3 f5 14. Bg3 Ne8 15.
Qe1 Nf6 16. Bh4 Qe8 17. a4 c4 18. Bc2 a5 19. g3 b5 20. Bxf6 Rxf6 21. axb5 Qxb5
22. Rb1 Ra7 23. Qe2 Bd7 24. Qh5 Be8 25. Qe2 a4 26. Qd2 h5 27. Qe2 Qb7 28. h4 Qb5
29. Qf3 Rb7 30. Kg2 Qa6 31. Kf2 Rf8 32. Qe2 Bxe5 33. fxe5 Bg6 34. Ra1 Rxb2 35.
Rfe1 Qa5 36. Reb1 Rfb8 37. Qd1 a3 38. Ra2 Qxc3 0-1

[Event "Challenge"]
[Site "http://www.queenalice.com/game.php?id=35026"]
[Date "2005.10.26"]
[Round "-"]
[White "Croftsy"]
[Black "gordonthegorilla"]
[Result "0-1"]
[WhiteElo "1163"]
[BlackElo "1660"]

1. e4 c5 2. e5 e6 3. f4 Nc6 4. Nc3 d5 5. Nb5 a6 6. Nc3 Nge7 7. h4 Nf5 8. Rh3 b5
9. a4 b4 10. Na2 Be7 11. c3 Bxh4+ 12. Ke2 Ng3+ 13. Ke1 Ne4+ 14. g3 Nxg3 15. d4
Ne4+ 16. Ke2 a5 17. cxb4 Nxd4+ 18. Ke3 Bf2+ 19. Kd3 axb4 20. Nf3 Ba6# 0-1

[Event "Challenge"]
[Site "http://www.queenalice.com/game.php?id=35431"]
[Date "2005.10.29"]
[Round "-"]
[White "Redtom"]
[Black "gordonthegorilla"]
[Result "1/2-1/2"]
[WhiteElo "1660"]
[BlackElo "1689"]

1. e4 c5 2. Nf3 g6 3. d4 cxd4 4. Nxd4 Nc6 5. Be3 Nf6 6. f3 Bg7 7. Nc3 O-O 8. Qd2
d5 9. Nxc6 bxc6 10. e5 Nd7 11. f4 e6 12. Be2 c5 13. Bf2 Rb8 14. b3 f6 15. Bg4
Qe7 16. exf6 Nxf6 17. Bf3 d4 18. Ne4 Nxe4 19. Bxe4 Ba6 20. Bd3 Bxd3 21. cxd3 Rf5
22. O-O Rbf8 23. Bg3 h5 24. h3 Bh6 25. Bh2 e5 26. g3 e4 27. dxe4 Qxe4 28. Rae1
Qd5 29. Qd3 h4 30. g4 R5f6 31. g5 Bxg5 1/2-1/2

[Event "Challenge"]
[Site "http://www.queenalice.com/game.php?id=35432"]
[Date "2005.10.29"]
[Round "-"]
[White "gordonthegorilla"]
[Black "Redtom"]
[Result "1-0"]
[WhiteElo "1631"]
[BlackElo "1643"]

1. d4 f5 2. Nf3 Nf6 3. Bf4 g6 4. e3 Bg7 5. Nc3 O-O 6. Bc4+ Kh8 7. Ng5 d5 8. Bb3
h6 9. Nf3 c6 10. Ne5 Ne4 11. Nxe4 fxe4 12. Nxg6+ Kh7 13. Nxf8+ Qxf8 14. O-O Nd7
15. f3 exf3 16. Rxf3 Nf6 17. Be5 Bg4 18. Qd3+ Kh8 19. Rf4 Be6 20. Raf1 Qd8 21.
R1f3 Ne4 22. Rxe4 dxe4 23. Qxe4 Bd5 24. Bxg7+ Kxg7 25. Qe5+ Kh7 26. Bxd5 cxd5
27. Rf7+ 1-0

[Event "Challenge"]
[Site "http://www.queenalice.com/game.php?id=37800"]
[Date "2005.11.13"]
[Round "-"]
[White "gordonthegorilla"]
[Black "araujoime"]
[Result "1-0"]
[WhiteElo "1690"]
[BlackElo "1298"]

1. e4 e5 2. Nf3 Qf6 3. Nc3 Na6 4. d3 Nh6 5. Nd5 Qe6 6. a3 c6 7. Nc3 d5 8. exd5
cxd5 9. Be2 Bc5 10. h3 d4 11. Ne4 Bb6 12. Nfg5 Qe7 13. b4 f6 14. Nf3 f5 15. Bg5
Qd7 16. Bxh6 gxh6 17. Nf6+ Kf8 18. Nxd7+ Bxd7 19. Nxe5 Ba4 20. Qd2 Rc8 21. Qxh6+
Ke8 22. Qg7 Rf8 23. Qxb7 Rxc2 24. Bh5+ Kd8 25. Qxa6 Bb3 26. Nc4 Bc7 27. O-O Ra2
28. Rxa2 Bxa2 29. Qxa7 Rg8 30. Qa8+ Kd7 31. Qxg8 h6 32. Qe8# 1-0

[Event "sÃ¡o paulo"]
[Site "http://www.queenalice.com/game.php?id=38157"]
[Date "2005.11.16"]
[Round "-"]
[White "silvaguimaraes"]
[Black "gordonthegorilla"]
[Result "0-1"]
[WhiteElo "1706"]
[BlackElo "1715"]

1. e4 c5 2. b3 d6 3. Bb2 Nc6 4. Bb5 a6 5. Bxc6+ bxc6 6. c4 e5 7. a4 Nf6 8. Nc3
Be6 9. h3 Rb8 10. Qc2 Qb6 11. Ra3 Bxc4 12. bxc4 Qxb2 13. Qxb2 Rxb2 14. Nge2 d5
15. d3 d4 16. Nd1 Rb4 17. O-O Be7 18. Ng3 g6 19. Ra2 h5 20. a5 Bd6 21. Nb2 h4
22. Nh1 Ke7 23. f3 Nh5 24. Kf2 Nf4 25. Rd1 Rh5 26. Rg1 Rxb2+ 27. Rxb2 Nxd3+ 28.
Ke2 Nxb2 29. Rc1 Ke6 30. Nf2 Rg5 31. Kf1 f5 32. Rc2 Na4 33. Ra2 Nc3 34. Rb2 Bc7
35. Nd3 Nd1 36. Rb7 Ne3+ 37. Kg1 Rxg2+ 38. Kh1 Bxa5 39. Nxc5+ Kd6 40. Nxa6 Rg3
41. c5+ Ke6 42. exf5+ gxf5 43. Kh2 d3 44. Nb8 d2 45. Rb1 Rxf3 46. Nxc6 Bc7 47.
Na7 d1=Q 48. Rxd1 Nxd1 49. Nb5 Ba5 50. c6 Ke7 51. Na7 Kd8 52. Kg2 e4 53. Kh2 Kc7
54. Nb5+ Kxc6 55. Na7+ Kd5 56. Nb5 e3 57. Kg2 Rf2+ 58. Kg1 e2 0-1

[Event "Challenge"]
[Site "http://www.queenalice.com/game.php?id=39178"]
[Date "2005.11.23"]
[Round "-"]
[White "sweetChess"]
[Black "gordonthegorilla"]
[Result "1-0"]
[WhiteElo "1865"]
[BlackElo "1703"]

1. d4 Nf6 2. Nf3 e6 3. e3 g6 4. Nbd2 Nc6 5. c4 b6 6. e4 Bb4 7. e5 Nh5 8. a3 Be7
9. Ne4 d5 10. exd6 cxd6 11. d5 exd5 12. cxd5 Ne5 13. Nxe5 dxe5 14. d6 Bf5 15.
Bb5+ Kf8 16. dxe7+ Qxe7 17. Bh6+ Kg8 18. Qf3 Rd8 19. O-O Nf6 20. Bg5 Bxe4 21.
Qxf6 1-0

[Event "Challenge"]
[Site "http://www.queenalice.com/game.php?id=43731"]
[Date "2005.12.16"]
[Round "-"]
[White "Reddaz"]
[Black "gordonthegorilla"]
[Result "0-1"]
[WhiteElo "1809"]
[BlackElo "1722"]

1. e3 c5 2. Nf3 Nc6 3. d4 e6 4. c4 cxd4 5. Nxd4 Nf6 6. Bd3 Bc5 7. Nb5 a6 8. N5c3
d5 9. Bd2 Ne5 10. Qc2 dxc4 11. Be4 Nxe4 12. Nxe4 Qd3 13. Qxd3 Nxd3+ 14. Ke2 Be7
15. b3 b5 16. bxc4 bxc4 17. Nbc3 f5 18. Ng3 Bb7 19. f3 Rb8 20. Nh5 O-O 21. e4
fxe4 22. Nxe4 Bxe4 23. fxe4 Rf2+ 24. Kd1 Rxg2 25. Nf4 Nxf4 26. Bxf4 Rbb2 27. a4
Bd6 28. Bxd6 Rbd2+ 29. Kc1 Rxd6 30. Rb1 c3 31. Rf1 h6 32. Rb8+ Kh7 33. e5 Rd4
34. Rb6 Rxa4 0-1

[Event "Challenge"]
[Site "http://www.queenalice.com/game.php?id=46091"]
[Date "2006.1.1"]
[Round "-"]
[White "gordonthegorilla"]
[Black "hd"]
[Result "0-1"]
[WhiteElo "1732"]
[BlackElo "1886"]

1. e4 e5 2. Nf3 Nc6 3. Nc3 Nf6 4. Bc4 Bc5 5. O-O d6 6. d3 Bg4 7. h3 Bh5 8. Re1
Nd4 9. g4 Nxg4 10. Nxd4 Qh4 11. Qf3 exd4 12. Nd5 Ne5 13. Qg2 Nf3+ 14. Kf1 Nxe1
15. Kxe1 Kd7 16. Qxg7 Rhg8 0-1

[Event "Only u2"]
[Site "http://www.queenalice.com/game.php?id=73032"]
[Date "2006.5.30"]
[Round "-"]
[White "chessyca"]
[Black "gordonthegorilla"]
[Result "0-1"]
[WhiteElo "1755"]
[BlackElo "1758"]

1. d4 Nf6 2. e3 e6 3. f4 d5 4. Nf3 Nc6 5. Bd3 Bd6 6. Bd2 Bd7 7. O-O Ne4 8. Bxe4
dxe4 9. Ne5 Nxe5 10. fxe5 Be7 11. Nc3 c5 12. Nxe4 Bb5 13. Re1 cxd4 14. a4 Bc6
15. Nf2 Bh4 16. e4 Bxf2+ 17. Kxf2 Qh4+ 18. Kg1 Bxe4 19. g3 Qe7 20. Rxe4 O-O 21.
Qe2 Qc5 0-1

[Event "Only 2 u"]
[Site "http://www.queenalice.com/game.php?id=73033"]
[Date "2006.5.30"]
[Round "-"]
[White "gordonthegorilla"]
[Black "chessyca"]
[Result "1-0"]
[WhiteElo "1774"]
[BlackElo "1679"]

1. d4 d5 2. c4 e6 3. Nf3 f5 4. Bf4 Nf6 5. Nc3 Bb4 6. Ne5 O-O 7. a3 Bxc3+ 8. bxc3
Nbd7 9. g3 Ne4 10. Qc2 c5 11. f3 Nxe5 12. Bxe5 Re8 13. fxe4 fxe4 14. dxc5 Bd7
15. e3 Qe7 16. Qe2 Qxc5 17. cxd5 exd5 18. Bd4 Qa5 19. Qh5 1-0